Các nhân tố ảnh hưởng đến giá trị thích hợp của thông tin kế toán tại các công ty niêm yết trên Sở giao dịch chứng khoán thành phố Hồ Chí Minh : Luận văn Thạc sĩ - Chuyên ngành: Kế toán
Spremljeno u:
| Glavni autori: | , |
|---|---|
| Format: | Luận văn |
| Jezik: | Undetermined |
| Izdano: |
Đại học Công nghiệp TP. Hồ Chí Minh
2023
|
| Teme: | |
| Oznake: |
Dodaj oznaku
Bez oznaka, Budi prvi tko označuje ovaj zapis!
|
| Thư viện lưu trữ: | Trung tâm Thư viện - Trường Đại học Công nghiệp TP. Hồ Chí Minh |
|---|
| LEADER | 01039nam a2200157Ia 4500 | ||
|---|---|---|---|
| 001 | UIH_08515 | ||
| 008 | 241002s9999 xx 000 0 und d | ||
| 082 | |a 657 | ||
| 100 | |a Các nhân tố ảnh hưởng đến giá trị thích hợp của thông tin kế toán tại các công ty niêm yết trên Sở giao dịch chứng khoán thành phố Hồ Chí Minh : Luận văn Thạc sĩ - Chuyên ngành: Kế toán | ||
| 100 | |a Nguyễn, Thị Phụng | ||
| 245 | 0 | |a Các nhân tố ảnh hưởng đến giá trị thích hợp của thông tin kế toán tại các công ty niêm yết trên Sở giao dịch chứng khoán thành phố Hồ Chí Minh : Luận văn Thạc sĩ - Chuyên ngành: Kế toán | |
| 260 | |b Đại học Công nghiệp TP. Hồ Chí Minh | ||
| 260 | |c 2023 | ||
| 650 | |a Kế toán | ||
| 927 | |a Luận văn | ||
| 980 | |a Trung tâm Thư viện - Trường Đại học Công nghiệp TP. Hồ Chí Minh | ||